Statistiques concernant Pays des Amériques avec la plus jeune population

Cliquez ici pour prendre le quiz!

Statistiques générales

  • Ce quiz a été pris 58 fois
  • Le résultat moyen est 8 sur 10

Statistiques - réponses

Âge moyenPays% Correct
28.0Perou
86%
23.0Honduras
84%
22.7Belize
80%
23.0Haiti
80%
25.7Nicaragua
80%
27.1Salvador
80%
26.2Guyana
76%
28.2Paraguay
75%
26.0Jamaique
73%
27.7Equateur
65%

Distribution des résultats

Percentile par nombre de réponses

% des personnes avec chaque résultat

Votre développement - résultats

Vous n’avez pas pris ce quiz